000 00818nam a22002537a 4500
001 35077
003 UA-OsUOA
005 20220127102308.0
007 ta
008 20051107b un ||||| |||| 00| 0 ukr d
020 _a9667520544
040 _aUA-OsUOA
_bukr
_cUA-OsUOA
_dUA-OsUOA
041 _aukr
080 _a81.374.3-161.2
090 _a81.374.3-161.2
_bС87
100 _aСтруганець Л. В.
245 _aКультура мови
_bсловник термінів
260 _aТернопіль
_bНавчальна книга
_c2000
300 _a88 с.
650 7 _a8 Мовознавство. Художня література. Літературознавство
_2UDC
942 _cBK
_2udc
955 _a2
999 _c321468
_d321468